| 000 | 01555nam0a22003131 4500 | ||
|---|---|---|---|
| 001 | rc\2314548 | ||
| 005 | 20110829142737.2 | ||
| 035 | _a(NLR Aleph) 006671781 | ||
| 090 |
_a4995346 _c4995346 |
||
| 100 | _a20110829d1977 |||y0rusy50 ca | ||
| 101 | 0 | _arus | |
| 102 | _aRU | ||
| 105 | _aa z ||||| | ||
| 200 | 1 |
_aВнедрение средств автоматизации в складском хозяйстве системы Госснаба СССР _fО.Б. Маликов, В.М. Григоренко, Л.С. Сегаль [и др.] |
|
| 210 |
_aМосква _cЦНИИТЭИМС _d1977 |
||
| 215 |
_a35 с. _cил. _d21 |
||
| 225 | 1 |
_aОбзорная информация _fЦНИИ информ. и техн.-экон. исслед. по матер.-техн. снабжению _iСерия "Организация складского хозяйства, механизация и автоматизация складских работ в материально-техническом снабжении" |
|
| 320 | _aСписок лит.: с. 34 (5 назв.) | ||
| 606 |
_aСклады автоматизированные _jОбзоры литературы информационные _2rkp |
||
| 701 | 1 |
_aГригоренко _bВ. М. |
|
| 701 | 1 |
_aСегаль _bЛ. С. |
|
| 701 | 1 |
_aМаликов _bО. Б. _gОлег Борисович |
|
| 801 | 0 |
_aRU _bNLR _gpsbo |
|
| 801 | 1 |
_aRU _bELAR _2rusmarc |
|
| 852 |
_aNLR _j77-6/10794 |
||
| 899 |
_aRuMoRGB _jБ 78-53/293 |
||
| 899 |
_aRuMoRGB _jБ 78-53/294 |
||
| 942 | _cBOOK | ||
| 980 | _aNB | ||